L'arxiu municipal i les relacions amb el ciutadà
Publicado:
[Barcelona] :
Diputació de Barcelona. Àrea de Cultura. Oficina de Patrimoni Cultural:Associació d'Arxivers de Catalunya:Ajuntament de Barcelona. Arxiu municipal de Barcelona, [2000]
Descripción Física:
1 f. plegat en 3 parts : il. col., fot. ; 40 x 21 cm plegat a 21 x 10 cm
Materias:
Arxius municipals
MARC
| LEADER | 00000nam a2200000Ia 4500 | ||
|---|---|---|---|
| 001 | 24552 | ||
| 003 | BGR | ||
| 005 | 20260324180617.0 | ||
| 008 | 160829s9999 xx 000 0 cat d | ||
| 080 | |a FU-67-47 | ||
| 111 | |9 70246 |a Laboratori d'Arxius Municipals |c Barcelona |d 2009 | ||
| 245 | |a L'arxiu municipal i les relacions amb el ciutadà | ||
| 260 | |a [Barcelona] : |b Diputació de Barcelona. Àrea de Cultura. Oficina de Patrimoni Cultural:Associació d'Arxivers de Catalunya:Ajuntament de Barcelona. Arxiu municipal de Barcelona, [2000] | ||
| 300 | |a 1 f. plegat en 3 parts : |b il. col., fot. ; |c 40 x 21 cm plegat a 21 x 10 cm | ||
| 650 | 0 | |a Arxius municipals |9 41223 | |
| 710 | 1 | |a Barcelona (Catalunya : Província). |b Oficina de Patrimoni Cultural |9 52675 | |
| 710 | 2 | |a Associació d'Arxivers de Catalunya |9 52966 | |
| 710 | 2 | |a Arxiu Municipal de Barcelona |9 55021 | |
| 901 | |a Arxiu | ||
| 942 | |n 1 |2 udc |c MON | ||
| 952 | |0 0 |1 0 |4 0 |6 FU6747 |7 1 |9 55751 |a Arxiu |b Arxiu |d 2016-12-01 |l 0 |o FU-67-47 |p 24552 |r 2016-12-01 00:00:00 |w 2016-12-01 |y ARXIU | ||
| 999 | |c 59624 |d 59624 | ||